Le retour de l'enfant prodigue (Registro nro. 87254)

Detalles MARC
000 -ENCABEZADO
Número de control [NR] 00601nam a22001817a 4500
008 - DE LONGITUD FIJA DE DATOS DE ELEMENTOS - INFORMACIÓN GENERAL
Elementos de longitud fija [NR] 130821s1907 fr gr fre
040 ## - FUENTE DE CATALOGACION [NR]
Agencia de catalogación original [NR] Co-BoUCM
Idioma de catalogación [NR] spa
041 00 - CODIGO DE IDIOMA [R]
Código de idioma para texto/pista de sonido o título separado [R] Francés
100 ## - ASIENTO PRINCIPAL--NOMBRE PERSONAL [NR]
Nombre personal [NR] Gide, André
Fechas asociadas con el nombre [NR] 1869-1951
ID Autoridad 98834
245 00 - MENCION DE TITULO [NR]
Título [NR] Le retour de l'enfant prodigue
Mención de responsabilidad, etc. [NR] André Gide
260 ## - PUBLICACION, DISTRIBUCION, ETC. (PIE DE IMPRENTA) [R]
Lugar de publicación, distribución, etc. [R] París (Francia)
Nombre del editor, distribuidor, etc. [R] Librairie Gallimard
Fecha de publicación, distribución, etc. [R] 1907
300 ## - DESCRIPCION FISICA [R]
Extensión [R] 234 páginas
650 04 - ASIENTO SECUNDARIO DE MATERIA - TERMINO TEMATICO [R]
Término temático o nombre geográfico como elemento de entrada [NR] Literatura francesa
Subdivisión cronológica [R] Siglo XX
9 (RLIN) 7794
650 04 - ASIENTO SECUNDARIO DE MATERIA - TERMINO TEMATICO [R]
Término temático o nombre geográfico como elemento de entrada [NR] Parábolas bíblicas
9 (RLIN) 21053
650 04 - ASIENTO SECUNDARIO DE MATERIA - TERMINO TEMATICO [R]
Término temático o nombre geográfico como elemento de entrada [NR] Relatos bíblicos
9 (RLIN) 23488
942 ## - ELEMENTOS DE ENTRADA AGREGADOS (KOHA)
Tipo de ítem principal el descrito en 300a Libro
Tema principal Religión
Edición 1
Parte restante de la signatura top. G43D
Título oculto en OPAC No
Sistema de clasificación DEWEY
Clasificación 220.9505
Existencias
Signatura topográfica Código de barras Última vez visto Ejemplar Price effective from Tipo de ítem Perdido Sistema de clasificación Dañado No prestable Tipo de ítem específico Suprimido Ubicación habitual Ubicación actual Localización Fecha de creación Forma de adquisición Costo
FCS 220.9505 G43D 120000437 06/07/2012 Ej.1 03/02/2013 Libro   DEWEY     Fondos especiales     Archivo Histórico Archivo histórico 28/02/2003 Donación 1000.00